Miwuyt marriage : the cultural anthropology of affinity in northeast Arnhem Land /

Bibliographic Details
Main Author: Shapiro, Warren
Format: Book
Language:English
Published: Philadelphia : Institute for the Study of Human Issues, [1981]
Subjects:

MARC

Tag First Indicator Second Indicator Subfields
LEADER 00000pam a2200000 a 4500
001 in00000092082
005 20151008064143.0
008 810326s1981 pauabc b 00110 eng
010 |a  81002914  
020 |a 0897270215 
035 |a (OCoLC)07329433 
035 |9 AAK3638AM 
040 |a DLC  |c DLC  |d TXA  |d UtOrBLW 
043 |a u-at-no 
049 |a TXAM  |c [1672775] 
050 0 0 |a GN667.A7  |b S48 1981 
082 0 |a 392/.5/0994295  |a E  |2 19 
100 1 |a Shapiro, Warren. 
245 1 0 |a Miwuyt marriage :  |b the cultural anthropology of affinity in northeast Arnhem Land /  |c Warren Shapiro. 
264 1 |a Philadelphia :  |b Institute for the Study of Human Issues,  |c [1981] 
264 4 |c ©1981 
300 |a xi, 173 pages :  |b illustrations, maps, portrait ;  |c 25 cm. 
336 |a text  |b txt  |2 rdacontent 
337 |a unmediated  |b n  |2 rdamedia 
338 |a volume  |b nc  |2 rdacarrier 
500 |a Includes index. 
504 |a Bibliography: pages 158-168. 
650 0 |a Aboriginal Australians  |z Australia  |z Arnhem Land (N.T.) 
651 0 |a Arnhem Land (N.T.)  |x Social life and customs. 
999 |a MARS 
999 f f |s c7160807-73eb-36bf-8255-21454a0ba1ad  |i d4188a98-8bf0-3f68-ba83-7c9f5afb5fcf  |t 0 
952 f f |p ric  |a Texas A&M University  |b Rellis Campus  |c Joint Library Facility  |d Remote Storage  |t 0  |e GN667.A7 S48 1981  |h Library of Congress classification  |i unmediated -- volume  |m A14806114587 
998 f f |a GN667.A7 S48 1981  |t 0  |l Remote Storage